|
|
|
|
| LEADER |
00000nab a2200000 a 4500 |
| 001 |
vtls000620248 |
| 003 |
SK-MaSNL |
| 005 |
20260304091526.0 |
| 008 |
250425c1997 xo 0 slo |
| 015 |
|
|
|a SNBRB19rr/mm-uuuuu
|
| 035 |
|
|
|a CL0620387
|
| 035 |
|
|
|a urn:nbn:sk:snk-ab727l
|
| 035 |
|
|
|a (uuid)3fd87f95-7f9f-40a4-ab57-023143f1c58e
|
| 035 |
|
|
|a (urnnbn)urn:nbn:sk:snk:ar-a06phe
|
| 035 |
|
|
|a (sysno)vtls000620248
|
| 040 |
|
|
|a SNKBUCL
|b slo
|c SNKBUCL
|e AACR2
|
| 041 |
0 |
|
|a slo
|
| 044 |
|
|
|a xo
|c SK
|
| 080 |
|
|
|a 349.2:347.51:347.95
|2 1981
|
| 080 |
|
|
|a 347.51
|2 1981
|
| 080 |
|
|
|a 347.95
|2 1981
|
| 245 |
0 |
0 |
|a Zodpovednosť zamestnávateľa za škodu pri pracovných úrazoch
|
| 500 |
|
|
|a Eva Babiaková, Peter Dukes, Jaroslav Krajčo, Milan Ľalík, Štefan Minárik
|
| 650 |
0 |
7 |
|a pracovné úrazy
|2 snkbucl
|9 1713
|
| 650 |
0 |
7 |
|a zodpovednosť za škodu
|2 snkbucl
|9 4613
|
| 655 |
|
7 |
|a články z novín a časopisov
|2 snkbucl
|9 267496
|
| 773 |
0 |
|
|t Zo súdnej praxe
|g Roč. 2, č. 2 (1997), s. 40-41
|x 1335-177X
|
| 850 |
|
|
|a Slovenská národná knižnica
|
| 852 |
|
|
|a Slovenská národná knižnica
|
| 954 |
|
|
|a odborná, vedecká literatúra pôvodná (slovenská)
|2 lita
|
| 958 |
|
|
|a article27
|
| 958 |
|
|
|a RK
|
| 958 |
|
|
|a OND
|
| 958 |
|
|
|a EUIPO
|
| 992 |
|
|
|a RBX
|
| 999 |
|
|
|c 2815744
|d 2817674
|